000 02672cam a2200289 4500500
005 20260322005251.0
041 _afre
042 _adc
100 1 0 _aAchabou, Mohamed Akli
_eauthor
245 0 0 _aLes QR Codes sur les emballages des produits alimentaires : l’enjeu de leur acceptation par les consommateurs
260 _c2026.
500 _a59
520 _aLe QR code est appelé à devenir la norme dans le cas des produits alimentaires. Cette avancée technologique présente certes des avantages en termes de gestion de l’information, mais implique aussi des défis à relever. En mobilisant la théorie de l’attention sélective et le modèle UTAUT2, cette recherche a pour ambition d’examiner l’utilité du QR Code comme réducteur de l’effort cognitif lors de l’achat d’un produit alimentaire ainsi que son acceptation par les consommateurs français. Pour ce faire, une étude qualitative a été conduite auprès d’un échantillon de quinze consommateurs. Les résultats montrent d’une part que le QR code ne simplifie pas le processus d’achat des consommateurs, et d’autre part l’existence de craintes quant à une possible utilisation opportuniste de cet outil par les entreprises en matière de gestion de l’information. À partir de ces résultats quelques pistes de recommandations sont formulées.
520 _aQR codes are set to become the norm for food products. While this technological advance offers advantages in terms of information management, it also presents challenges. Using selective attention theory and the UTAUT2 model, this research aims to examine the usefulness of QR codes in reducing cognitive effort when purchasing food products, as well as their acceptance by French consumers. To this end, a qualitative study was conducted with a sample of fifteen consumers. The results show, on the one hand, that QR codes do not simplify the consumer purchasing process and, on the other hand, that there are concerns about the possible opportunistic use of this tool by companies for information management purposes. Based on these results, a number of recommendations are made.
690 _aattention sélective
690 _aconsommateurs français
690 _aproduits alimentaires
690 _aQR Code
690 _aUTAUT2
690 _afood products
690 _aFrench consumers
690 _aQR code
690 _aselective attention
690 _aUTAUT2
786 0 _nManagement & Sciences Sociales | 44 | 1 | 2026-02-10 | p. 116-136 | 1952-3262
856 4 1 _uhttps://shs.cairn.info/revue-management-sciences-sociales-2026-1-page-116?lang=fr&redirect-ssocas=7080
999 _c1747033
_d1747033